| 000 | 00489nab a2200145Ia 4500 | ||
|---|---|---|---|
| 003 | ES-SlBCS | ||
| 005 | 20210601150623.0 | ||
| 008 | 140529s1946 xxu||||| |||| 00| 0 spa d | ||
| 041 | _aspa | ||
| 100 | 1 |
_aBalic, Carlos _9220382 |
|
| 245 | 0 | 0 |
_aS. Antonio de Padua, Doctor Evangélico y los demás doctores de la escolástica franciscana _c Carlos Balic |
| 600 | 0 | 4 |
_aAntonio de Padua-Doctor Evangélico _9325468 |
| 773 | 0 |
_tVerdad y Vida _gvol. 4, 1946, págs. 563-613 _wRev487 |
|
| 942 | _cAR | ||
| 999 |
_c743899 _d743899 |
||